Indigenous People and the Pilbara Mining Boom (Record no. 351159)
[ view plain ]
| 000 -LEADER | |
|---|---|
| fixed length control field | 00770nam a2200145Ia 4500 |
| 008 - FIXED-LENGTH DATA ELEMENTS--GENERAL INFORMATION | |
| fixed length control field | 171212s9999 xx 000 0 und d |
| 020 ## - INTERNATIONAL STANDARD BOOK NUMBER | |
| International Standard Book Number | 9781920942403 |
| 100 ## - MAIN ENTRY--PERSONAL NAME | |
| Personal name | Taylor, John;Scambary, B. |
| 245 ## - TITLE STATEMENT | |
| Statement of responsibility, etc | Taylor, John;Scambary, B. |
| Title | Indigenous People and the Pilbara Mining Boom |
| Remainder of title | A baseline for regional participation |
| 260 ## - PUBLICATION, DISTRIBUTION, ETC. (IMPRINT) | |
| Name of publisher, distributor, etc | ANU E Press |
| Date of publication, distribution, etc | 2005 |
| 440 ## - SERIES STATEMENT/ADDED ENTRY--TITLE | |
| Title | Centre for Aboriginal Economic Policy Research (CAEPR) |
| 650 ## - SUBJECT ADDED ENTRY--TOPICAL TERM | |
| Topical term or geographic name as entry element | Aboriginal Australians -- Western Australia -- Pilbara -- Economic conditions; Community development -- Western Australia -- Pilbara; Sustainable development -- Western Australia -- Pilbara; Mineral industries -- Western Australia -- Pilbara; Pilbara (W.A |
| 650 ## - SUBJECT ADDED ENTRY--TOPICAL TERM | |
| Topical term or geographic name as entry element | Sociology |
| 856 ## - ELECTRONIC LOCATION AND ACCESS | |
| Uniform Resource Identifier | <a href="www.jstor.org/stable/10.2307/j.ctt2jbk1x">www.jstor.org/stable/10.2307/j.ctt2jbk1x</a> |
| Withdrawn status | Lost status | Damaged status | Home library | Current library | Date acquired | Total Checkouts | Date last seen | Price effective from | Koha item type |
|---|---|---|---|---|---|---|---|---|---|
| College Library | College Library | 12/12/2017 | 12/12/2017 | 12/12/2017 | Curriculum - Based eBooks |